Co znajdziemy w Apteczce? - Statystyki

Ogólne statystyki
  • Ten quiz został rozwiązany 133 razy
  • Średni wynik to 3 z 8
Statystyki odpowiedzi
Odpowiedź % Poprawnych
Bandaż
93%
Plaster
80%
Nożyczki
68%
Gaza
55%
Kompres
10%
Koc Ratunkowy
8%
Rękawiczki Jednorazowe
5%
Opaska Elastyczna
0%
Nie znaleziono quizów pasujących do podanych kryteriów
Rozkład punktacji
Procent ludzi z każdym wynikiem
Percentyl według liczby udzielonych odpowiedzi
Twoja historia wyników
Nie rozwiązałeś tego quizu